Escribir al otro : alteridad, literatura y antropología /

Guardado en:
Detalles Bibliográficos
Autores corporativos: Congreso de Antropología en Colombia ( Bogotá, Colombia), Simposio Escribir al Otro: Alteridad. Literatura y Antropología
Otros autores: Ferreira de Almeida, María Cándida (compilación y presentación) (compilación y presentación), Arévalo Viveros, Diego (compilación y presentación) (compilación y presentación)
Formato: Procedimiento de la conferencia Libro
Idioma:Español
Publicado: Bogotá, Colombia : Universidad de los Andes, Departamento de Humanidades y Literatura, 2013, c2013
Temas:
Etiquetas: Agrega una etiqueta
Sin etiquetas, Sé el primero en etiquetar este registro!

MARC

LEADER 00000nam^a2200000^a^4500
001 000347286
005 20250521000000.0
009 20260310114810.153
020 |a 978-958-695-844-8 
037 |a Acervo ITESO - Biblioteca 
041 |a ESP 
082 |a 300. 1  |b ANT 2009 V. 1 
111 |a Congreso de Antropología en Colombia (  |n 13° :  |d 2009 :  |c Bogotá, Colombia) 
245 1 0 |a Escribir al otro :  |b alteridad, literatura y antropología /  |c Comp. y presen. de M.C. Ferreira de Almeida, D. Arévalo Viveros. 
264 4 |a Bogotá, Colombia :  |b Universidad de los Andes, Departamento de Humanidades y Literatura,  |c 2013, c2013 
300 |a 167 p. 
336 |a texto  |b txt  |2 rdacontenido 
337 |a sin mediación  |b n  |2 rdamedio 
338 |a volumen  |b nc  |2 rdasoporte 
649 |a XX 
650 |a Indígenas en la Literatura 
650 |a Indígenas -  |x Condiciones Sociales y Culturales 
650 |a Mestizaje -  |z América 
650 |a Colonialismo -  |z América -  |x Historia 
650 |a Diferencia y Otredad -  |x Tema Principal 
650 |a Diversidad Cultural 
650 |a Antropología Cultural -  |x Tema Principal 
650 |a Libros de Viajes -  |z América -  |x Historia y Crítica 
650 |a Literatura Indigenista -  |z Latinoamérica -  |x Historia y Crítica 
650 |a Literatura Latinoamericana -  |x Historia y Crítica 
650 |a Literatura y Sociedad -  |x Tema Principal 
711 |a Simposio Escribir al Otro: Alteridad. Literatura y Antropología (  |d 2009 :  |c Bogotá, Colombia) 
700 |a Ferreira de Almeida, María Cándida  |e (compilación y presentación) 
700 |a Arévalo Viveros, Diego  |e (compilación y presentación) 
910 |a Fondo General 
920 |a Impresos - Libros 
930 |a Colección General 
905 |a 101 
901 |a 0500237608  |b IT1  |c ACC  |i C142439  |u 20250521 
902 |a https://opac.biblio.iteso.mx/vufind/Record/000347286